000
00344nam a2200145Ia 4500
008
150201s2007 xx 000 0 und d
082
_a
617
_b
R07J
100
_a
JAMIESON, C.W.
245
_a
ROB AND SMITH OPERATIVE SURGERY
250
_a
5TH
260
_b
JAYPEE BROTHERS
_a
DELHI
_c
2007
300
_a
1-675
650
_a
SURGERY
942
_2
ddc
_c
BK
999
_c
158
_d
158